000 00494nam a2200193Ia 4500
003 GCL
008 140319s9999 xx 000 0 eng d
040 _aGCL /
_cGCL
082 0 4 _a302.23
_bB A
100 1 _aBARRETT, OLIVER BOYED
245 1 0 _aAPPROACHES TO MEDIA: A READER /
_cBARRETT, OLIVER BOYED
700 1 _aNEWFOLD, CHRIS
260 _a[S.N] :
_bARNOLD PUBLISHERS ،
_c1996
300 _a562 P
650 0 4 _aMASS MEDIA
650 0 4 _aMEDIA
650 0 4 _aCULTURE
942 _2ddc
_cBK
999 _c13264
_d13264